[Event "ROM-ch U12 Girls"]
[Site "Calimanesti"]
[Date "2018.04.02"]
[Round "8"]
[White "Voicu, Rebeca Maria"]
[Black "Nicoara, Iris Maria"]
[Result "1-0"]
[WhiteElo "1211"]
[BlackElo "1099"]
[PlyCount "28"]
[EventDate "2018.03.27"]
[EventType "swiss"]
[EventRounds "9"]
[EventCountry "ROU"]
[SourceTitle "CBM 183 Extra"]
[Source "ChessBase"]
[SourceDate "2018.04.19"]
[SourceVersion "1"]
[SourceVersionDate "2018.04.19"]
[SourceQuality "1"]

1. d4 d5 2. Bf4 Nf6 3. e3 c5 4. c3 Nc6 5. Nf3 Qb6 6. b3 Bf5 7. Bd3 Bg4 8. Nbd2 e6 9. h3 Bh5 10. Bc2 Be7 11. a3 0-0 12. 0-0 h6 13. e4 dxe4 14. Bxe4 Nxe4 1-0

[Event "ROM-ch U12 Girls"]
[Site "Calimanesti"]
[Date "2018.03.29"]
[Round "3"]
[White "Jula, Diana"]
[Black "Voicu, Rebeca Maria"]
[Result "1-0"]
[WhiteElo "1001"]
[BlackElo "1211"]
[PlyCount "22"]
[EventDate "2018.03.27"]
[EventType "swiss"]
[EventRounds "9"]
[EventCountry "ROU"]
[SourceTitle "CBM 183 Extra"]
[Source "ChessBase"]
[SourceDate "2018.04.19"]
[SourceVersion "1"]
[SourceVersionDate "2018.04.19"]
[SourceQuality "1"]

1. e4 d5 2. exd5 Qxd5 3. Nc3 Qa5 4. d4 c6 5. Nf3 Bg4 6. h3 Bh5 7. Bd2 Qc7 8. Bd3 Nf6 9. Qe2 Bxf3 10. Qxf3 e6 11. Bf4 Qa5 1-0

[Event "ROM-ch U12 Girls"]
[Site "Calimanesti"]
[Date "2018.03.29"]
[Round "4"]
[White "Voicu, Rebeca Maria"]
[Black "Sufan, Carmen Antonia"]
[Result "1-0"]
[WhiteElo "1211"]
[BlackElo "1023"]
[PlyCount "61"]
[EventDate "2018.03.27"]
[EventType "swiss"]
[EventRounds "9"]
[EventCountry "ROU"]
[SourceTitle "CBM 183 Extra"]
[Source "ChessBase"]
[SourceDate "2018.04.19"]
[SourceVersion "1"]
[SourceVersionDate "2018.04.19"]
[SourceQuality "1"]

1. d4 d5 2. Bf4 Nc6 3. e3 Nf6 4. Nf3 Bf5 5. Bd3 e6 6. Bxf5 exf5 7. Nc3 Be7 8. 0-0 0-0 9. a3 Nh5 10. Ne2 Nxf4 11. Nxf4 Na5 12. b3 h6 13. Qd3 Qc8 14. Nxd5 Nc6 15. Rfe1 Qd7 16. e4 fxe4 17. Qxe4 Rfe8 18. Ne5 Nxe5 19. dxe5 Bg5 20. Rad1 Qc8 21. Qc4 c6 22. Nc3 Rb8 23. Ne4 b5 24. Qe2 Rxe5 25. Qf3 Rf5 26. Qe2 Qe6 27. Qd3 Rd8 28. Qe2 a5 29. Nxg5 Qxe2 30. Rxd8+ Qe8 31. Rdxe8# 1-0

[Event "ROM-ch U12 Girls"]
[Site "Calimanesti"]
[Date "2018.03.28"]
[Round "2"]
[White "Voicu, Rebeca Maria"]
[Black "Ghenu, Ilinca Maria"]
[Result "1-0"]
[WhiteElo "1211"]
[BlackElo "1043"]
[PlyCount "32"]
[EventDate "2018.03.27"]
[EventType "swiss"]
[EventRounds "9"]
[EventCountry "ROU"]
[SourceTitle "CBM 183 Extra"]
[Source "ChessBase"]
[SourceDate "2018.04.19"]
[SourceVersion "1"]
[SourceVersionDate "2018.04.19"]
[SourceQuality "1"]

1. d4 d5 2. Bf4 Nc6 3. e3 Nf6 4. Bd3 e6 5. Nf3 Bd6 6. Bg3 e5 7. dxe5 Nxe5 8. Bxe5 Bg4 9. Bxd6 Qxd6 10. Nc3 0-0 11. 0-0 d4 12. Nb5 Qd7 13. Nbxd4 a6 14. Ne5 Bxd1 15. Nxd7 Nxd7 16. Raxd1 c5 1-0

[Event "ROM-ch U12 Girls"]
[Site "Calimanesti"]
[Date "2018.03.27"]
[Round "1"]
[White "Stefan, Florina Clara"]
[Black "Voicu, Rebeca Maria"]
[Result "1-0"]
[WhiteElo "1001"]
[BlackElo "1211"]
[PlyCount "39"]
[EventDate "2018.03.27"]
[EventType "swiss"]
[EventRounds "9"]
[EventCountry "ROU"]
[SourceTitle "CBM 183 Extra"]
[Source "ChessBase"]
[SourceDate "2018.04.19"]
[SourceVersion "1"]
[SourceVersionDate "2018.04.19"]
[SourceQuality "1"]

1. e4 d5 2. exd5 Qxd5 3. Nc3 Qa5 4. Bb5+ c6 5. b4 Qxb4 6. Rb1 Qd6 7. Bc4 e5 8. Ne4 Qg6 9. d3 Nf6 10. c3 Nxe4 11. dxe4 Qxe4+ 12. Ne2 Qxb1 13. Kd2 Qg6 14. Bb2 Be7 15. Qc1 Bg5+ 16. f4 exf4 17. Qe1 f3+ 18. Nf4+ Kf8 19. Ba3+ Kg8 20. Qe8# 1-0

[Event "ROM-ch U12 Girls"]
[Site "Baile Felix"]
[Date "2017.02.06"]
[Round "6"]
[White "Iorga, Maria Irina"]
[Black "Voicu, Rebeca Maria"]
[Result "0-1"]
[WhiteElo "1054"]
[BlackElo "1048"]
[PlyCount "106"]
[EventDate "2017.02.02"]
[EventType "swiss"]
[EventRounds "9"]
[EventCountry "ROU"]
[SourceTitle "CBM 176 Extra"]
[Source "ChessBase"]
[SourceDate "2017.03.02"]
[SourceVersion "1"]
[SourceVersionDate "2017.03.02"]
[SourceQuality "1"]

1. e4 e5 2. Nf3 Nc6 3. Bc4 Bc5 4. c3 Nf6 5. d4 exd4 6. cxd4 Bb4+ 7. Bd2 Nxe4 8. Bxb4 Nxb4 9. Bxf7+ Kxf7 10. Qb3+ Ke8 11. Qxb4 d5 12. Nc3 a5 13. Qb3 Qe7 14. Nxe4 Qxe4+ 15. Qe3 Qxe3+ 16. fxe3 Bg4 17. 0-0 Rf8 18. Ne5 Rxf1+ 19. Rxf1 Be6 20. Nd3 a4 21. a3 Ke7 22. Rf2 h5 23. Nf4 Bf7 24. Nd3 g5 25. h3 Rg8 26. Nc5 g4 27. hxg4 hxg4 28. Nxa4 g3 29. Re2 Bh5 30. Rc2 c6 31. Nc3 Kd6 32. e4 Bg6 33. Re2 Rf8 34. Re1 dxe4 35. Rf1 Rxf1+ 36. Kxf1 c5 37. dxc5+ Kxc5 38. Ke2 Kd4 39. Nb5+ Kc5 40. Nc7 Kd4 41. Ne6+ Ke5 42. Nc5 Kf4 43. Nxb7 e3 44. Nc5 Bf7 45. Nd3+ Ke4 46. Nc5+ Kd4 47. b4 Bd5 48. Kf1 Bc4+ 49. Ke1 e2 50. a4 Ke3 51. b5 Bd5 52. b6 Bxg2 53. b7 Bxb7 0-1

[Event "ROM-ch U12 Girls"]
[Site "Baile Felix"]
[Date "2017.02.05"]
[Round "4"]
[White "Plingu, Andreea Zina"]
[Black "Voicu, Rebeca Maria"]
[Result "0-1"]
[WhiteElo "1001"]
[BlackElo "1048"]
[PlyCount "72"]
[EventDate "2017.02.02"]
[EventType "swiss"]
[EventRounds "9"]
[EventCountry "ROU"]
[SourceTitle "CBM 176 Extra"]
[Source "ChessBase"]
[SourceDate "2017.03.02"]
[SourceVersion "1"]
[SourceVersionDate "2017.03.02"]
[SourceQuality "1"]

1. e4 e5 2. Nf3 Nc6 3. Bc4 Bc5 4. d3 d6 5. Ng5 Nh6 6. Nc3 0-0 7. Nf3 Bg4 8. Bxh6 gxh6 9. Na4 Qf6 10. c3 a6 11. Nxc5 dxc5 12. Qe2 Rad8 13. h3 Bh5 14. g4 Bg6 15. 0-0-0 b5 16. Bd5 Na5 17. h4 c6 18. Bb3 c4 19. dxc4 bxc4 20. Bc2 Rxd1+ 21. Rxd1 Qf4+ 22. Kb1 Qxg4 23. Rg1 Qh3 24. Rg3 Qh1+ 25. Rg1 Qh3 26. Nxe5 Qh2 27. Nf3 Qh3 28. Rg3 Qh1+ 29. Bd1 Rd8 30. Kc1 Kh8 31. Ne5 Qxh4 32. Nxc4 Nxc4 33. Qxc4 Qf4+ 34. Re3 Qxf2 35. Rf3 Qd2+ 36. Kb1 Qxd1# 0-1